| 000 | 00699nam a2200229 a 4500 | ||
|---|---|---|---|
| 001 | 000044284 | ||
| 003 | DO-SdBNP | ||
| 005 | 20240305090729.0 | ||
| 007 | ta | ||
| 008 | 140612s2003 dr 000 0 spa d | ||
| 020 | _a9993433675 | ||
| 040 |
_aDO-SdBNP _bspa _cBNPHU |
||
| 082 | 4 | _222 | |
| 100 | 1 |
_aFranco, Franklin J., _d1936- _934417 |
|
| 245 | 1 | 0 |
_aSobre racismo y antihaitianismo : _by otros ensayos / _cFranklin Franco Pichardo. |
| 250 | _a2a ed. | ||
| 260 |
_aSanto Domingo : _bSociedad Editorial Dominicana, _c2003. |
||
| 300 |
_a183 p. ; _c21 cm. |
||
| 500 | _aIncluye referencias bibliográficas y notas al pie de las páginas | ||
| 590 | _aInventariado, 2022/BT | ||
| 942 |
_2ddc _cLBS1 |
||
| 999 |
_c43773 _d43773 |
||